Ga door naar de inhoud

Sprüche in Prosa, Sprüche in Reimen

Классическое произведение, относящееся к общественному достоянию.

Bewaard in:
Bibliografische gegevens
Hoofdauteur: Goethe J. W.
Formaat: Книга
Taal:Russian
Gepubliceerd in: Санкт-Петербург Лань 2014
Online toegang:http://e.lanbook.com/books/element.php?pl1_id=55921
https://e.lanbook.com/img/cover/book/55921.jpg
Tags: Voeg label toe
Geen labels, Wees de eerste die dit record labelt!
LEADER 00985nam0a2200241 i 4500
001 55921
003 RuSpLAN
005 20221220173930.0
008 221220s2014 ru gs 000 0 rus
020 |a 978-5-507-41415-4 
040 |a RuSpLAN 
041 0 |a rus 
044 |a ru 
245 0 0 |a Sprüche in Prosa, Sprüche in Reimen  |c Goethe J. W. 
260 |a Санкт-Петербург  |b Лань  |c 2014 
300 |a 194 с. 
504 |a Библиогр.: доступна в карточке книги, на сайте ЭБС Лань 
520 8 |a Классическое произведение, относящееся к общественному достоянию. 
521 8 |a Книга из коллекции Лань - Художественная литература 
100 1 |a Goethe J. W. 
856 4 |u http://e.lanbook.com/books/element.php?pl1_id=55921 
856 4 8 |u https://e.lanbook.com/img/cover/book/55921.jpg 
953 |a https://e.lanbook.com/img/cover/book/55921.jpg